[Event "2010 US Am West"]
[Site "?"]
[Date "2010.05.30"]
[Round "4.7"]
[White "Booher, Jonathan"]
[Black "Motta, Paul"]
[Result "0-1"]
[WhiteElo "1730"]
[BlackElo "1909"]
[PlyCount "120"]
[EventDate "2010.05.29"]
[SourceDate "2010.05.29"]

1. e4 e5 2. Nf3 d5 3. exd5 Bd6 4. Nc3 Nf6 5. d3 h6 6. h3 Nbd7 7. Be3 Nb6 8.
Bxb6 axb6 9. Qe2 O-O 10. g4 Bb4 11. a3 Nxd5 12. Kd2 f6 13. Qe4 Bxc3+ 14. bxc3
Nf4 15. Nh4 Be6 16. Qe3 Qd5 17. f3 Ra4 18. Ng2 Rfa8 19. Nxf4 exf4 20. Qe2 Re8
21. Qf2 Bd7 22. Bg2 Qd6 23. Rhe1 c5 24. Re2 Rxe2+ 25. Qxe2 Kf7 26. Qd1 Ra8 27.
Kc1 b5 28. c4 b4 29. Kb2 Qd4+ 30. Kb1 Qc3 31. Ra2 bxa3 32. Kc1 Ra6 33. Qd2 Qd4
34. c3 Qg1+ 35. Qd1 Qe3+ 36. Qd2 Qg1+ 37. Qd1 Qxd1+ 38. Kxd1 Ba4+ 39. Kd2 Bb3
40. Ra1 a2 41. Bf1 Rd6 42. Kc1 Rb6 43. d4 cxd4 44. cxd4 Rb4 45. Kb2 Bd1+ 46.
Kxa2 Ra4+ 47. Kb2 Rxa1 48. Kxa1 Bxf3 49. Kb2 g5 50. Kc2 Be4+ 51. Kd2 f5 52.
gxf5 Kf6 53. Ke2 Kxf5 54. Kf2 h5 55. Be2 g4 56. hxg4+ hxg4 57. d5 g3+ 58. Kg1
f3 59. Bd1 Ke5 60. Bb3 f2+ 0-1

[Event "2010 US Am West"]
[Site "?"]
[Date "2010.05.30"]
[Round "4.24"]
[White "Crenshaw, Russ"]
[Black "Kestler, Ed"]
[Result "0-1"]
[WhiteElo "1547"]
[BlackElo "1542"]
[PlyCount "128"]
[EventDate "2010.05.29"]
[SourceDate "2010.05.29"]

1. Nf3 d5 2. g3 c5 3. Bg2 Nc6 4. d3 Nf6 5. O-O e5 6. Bg5 Be7 7. c4 h6 8. Bxf6
Bxf6 9. e4 d4 10. a3 O-O 11. Qe1 a5 12. Qd1 Be7 13. Ne1 f5 14. exf5 Bxf5 15.
Nd2 Qd7 16. Ne4 Bh3 17. Qb3 Bxg2 18. Nxg2 a4 19. Qd1 Bd6 20. Nh4 Be7 21. Ng6
Rf5 22. Nxe7+ Qxe7 23. Qc2 g5 24. Qe2 Raf8 25. Qh5 Kh7 26. Rae1 b6 27. Qd1 Ra8
28. g4 Rf4 29. Ng3 Qe6 30. Nf5 h5 31. h3 h4 32. Re2 Ne7 33. Nxe7 Qxe7 34. Qe1
Re8 35. f3 Qf6 36. Kg2 Kg6 37. Re4 Re7 38. Qe2 Qd6 39. Re1 Kf6 40. Rxf4+ exf4
41. Qxe7+ Qxe7 42. Rxe7 Kxe7 43. Kf2 Kd6 44. Ke2 Kc6 45. Kd2 b5 46. cxb5+ Kxb5
47. Kc2 c4 48. Kd2 cxd3 49. Kxd3 Kc5 50. Ke4 Kc4 51. Kf5 d3 52. Kxg5 d2 53.
Kxf4 d1=Q 54. g5 Qd5 55. Kg4 Kd4 56. f4 Ke4 57. g6 Qf5+ 58. Kxh4 Qxf4+ 59. Kh5
Qf8 60. Kg5 Qg7 61. h4 Ke5 62. h5 Ke6 63. Kg4 Kf6 64. Kf4 Qh6+ 0-1

[Event "2010 US Am West"]
[Site "?"]
[Date "2010.05.30"]
[Round "4.1"]
[White "Kruml, Joseph"]
[Black "Lebovitz, Andy"]
[Result "1-0"]
[WhiteElo "2170"]
[BlackElo "2061"]
[PlyCount "69"]
[EventDate "2010.05.29"]
[SourceDate "2010.05.29"]

1. Nf3 Nf6 2. b3 b6 3. Bb2 Bb7 4. c4 e6 5. e3 Be7 6. Be2 O-O 7. O-O d6 8. Nc3
Nbd7 9. Qc2 c5 10. a3 Rc8 11. b4 d5 12. cxd5 Nxd5 13. Nxd5 Bxd5 14. b5 Bf6 15.
a4 Bxb2 16. Qxb2 Qf6 17. Qxf6 Nxf6 18. a5 Rfd8 19. axb6 axb6 20. Ra6 Nd7 21. d3
Ra8 22. Rfa1 Bb7 23. Ra7 Rxa7 24. Rxa7 Bxf3 25. gxf3 g5 26. Rb7 Kf8 27. Kg2 Ke8
28. Kg3 Rb8 29. Ra7 Nf6 30. f4 gxf4+ 31. Kxf4 Nd5+ 32. Ke5 Nc3 33. Bh5 Nxb5 34.
Rxf7 Kd8 35. Rxh7 1-0

[Event "2010 US Am West"]
[Site "?"]
[Date "2010.05.30"]
[Round "4.2"]
[White "Eng, Randel"]
[Black "Hu, Bryan"]
[Result "0-1"]
[WhiteElo "2089"]
[BlackElo "2180"]
[PlyCount "63"]
[EventDate "2010.05.29"]
[SourceDate "2010.05.29"]

1. e4 e5 2. Nf3 Nc6 3. d4 exd4 4. Bc4 Nf6 5. e5 d5 6. Bb5 Nd7 7. O-O Be7 8.
Bxc6 bxc6 9. Nxd4 Nxe5 10. Bf4 Ng6 11. Nxc6 Qd7 12. Nxe7 Nxe7 13. Nc3 O-O 14.
Re1 Bb7 15. Qh5 Ng6 16. Bg3 d4 17. Ne4 Bxe4 18. Rxe4 f5 19. Ree1 Rab8 20. Be5
f4 21. Qe2 Qd5 22. Bxc7 Rbc8 23. c4 dxc3 24. Rad1 Qc6 25. Ba5 f3 26. Qc2 Nf4
27. Qb3+ Kh8 28. Bxc3 Nh3+ 29. Kf1 Qa6+ 30. Qb5 Qxb5+ 31. Rd3 Qxd3+ 32. Re2 0-1

[Event "2010 US Am West"]
[Site "?"]
[Date "2010.05.30"]
[Round "4.8"]
[White "Fenger, Peter"]
[Black "Hernandez, Jason"]
[Result "1-0"]
[WhiteElo "1891"]
[BlackElo "1632"]
[PlyCount "114"]
[EventDate "2010.05.29"]
[SourceDate "2010.05.29"]

1. d4 Nf6 2. c4 c5 3. d5 e6 4. Nc3 exd5 5. cxd5 d6 6. e4 g6 7. Be2 Bg7 8. Nf3
Bg4 9. O-O O-O 10. Nd2 Bxe2 11. Qxe2 Nbd7 12. Nc4 Ne8 13. Bf4 Ne5 14. Ne3 a6
15. a4 Rc8 16. Bg3 Kh8 17. f4 Nd7 18. a5 Bd4 19. Kh1 f5 20. Nc2 Bxc3 21. bxc3
fxe4 22. Qxe4 Nef6 23. Qd3 Nh5 24. f5 Nxg3+ 25. Qxg3 Qf6 26. Ne3 Ne5 27. fxg6
Qxg6 28. Qxg6 hxg6 29. Rab1 Rxf1+ 30. Rxf1 Kg7 31. h3 Rc7 32. Re1 Rf7 33. Rb1
Kf8 34. Rb6 Rd7 35. Kh2 Ke8 36. Kg3 Kd8 37. Kf4 Rf7+ 38. Kg5 Kc7 39. Rb2 b5 40.
axb6+ Kb7 41. Ng4 Rf5+ 42. Kh6 Rh5+ 43. Kg7 Nxg4 44. hxg4 Rxd5 45. Kxg6 Rd3 46.
Rc2 Kxb6 47. g5 a5 48. Kh7 a4 49. g6 d5 50. g7 Rg3 51. g8=Q Rxg8 52. Kxg8 Kb5
53. Kf7 Kc4 54. Ke6 Kb3 55. Rf2 d4 56. cxd4 cxd4 57. Kd5 Kc3 1-0

[Event "2010 US Am West"]
[Site "?"]
[Date "2010.05.30"]
[Round "4.18"]
[White "Wong, Kinsleigh"]
[Black "McGahee, Ben"]
[Result "1-0"]
[WhiteElo "1833"]
[BlackElo "1545"]
[PlyCount "91"]
[EventDate "2010.05.29"]
[SourceDate "2010.05.29"]

1. e4 e6 2. d4 d5 3. exd5 exd5 4. Nf3 Bd6 5. c4 Be6 6. c5 Be7 7. Nc3 Nf6 8.
Bb5+ c6 9. Bd3 O-O 10. Qc2 Nbd7 11. O-O Bg4 12. Ng5 h6 13. Nh7 Nxh7 14. Bxh7+
Kh8 15. Bf5 Nf6 16. Re1 Bxf5 17. Qxf5 b6 18. cxb6 axb6 19. Qh3 Kh7 20. Qd3+ g6
21. Bxh6 Bd6 22. Bxf8 Qxf8 23. g3 Qh6 24. Qf3 Kg7 25. Re2 Rh8 26. Qg2 Ng4 27.
f3 Ne3 28. Qf2 Nf5 29. f4 Nxg3 30. Qxg3 Bxf4 31. Qg2 Be3+ 32. Rf2 Qh4 33. Raf1
Rh5 34. Kh1 Rg5 35. Rxf7+ Kh6 36. Qf3 Bxd4 37. Rf4 Qxh2+ 38. Kxh2 Rh5+ 39. Kg2
Rg5+ 40. Kh3 Rh5+ 41. Rh4 Rxh4+ 42. Kxh4 g5+ 43. Kg4 b5 44. Qf8+ Bg7 45. Rf6+
Kh7 46. Rf7 1-0

[Event "2010 US Am West"]
[Site "?"]
[Date "2010.05.30"]
[Round "4.19"]
[White "Gengler, Kenneth"]
[Black "Reed, Michael"]
[Result "0-1"]
[WhiteElo "1325"]
[BlackElo "1699"]
[Annotator "Farmer,Steve"]
[PlyCount "34"]
[EventDate "2010.05.29"]
[SourceDate "2010.05.29"]

1. d4 Nf6 2. c4 g6 3. Nc3 Bg7 4. e4 d6 5. Nf3 O-O 6. Be2 Nbd7 7. O-O e5 8. d5
a5 9. a4 Nc5 10. Qc2 h6 11. Be3 Na6 12. Qd2 Ng4 13. Rab1 f5 14. exf5 Bxf5 15.
h3 Nxe3 16. Qxe3 Nc5 17. g4 Bd7 {
The score to this game is incorrect - Black went on to win.} 0-1

[Event "2010 US Am West"]
[Site "?"]
[Date "2010.05.30"]
[Round "4.21"]
[White "Chen, Derek"]
[Black "Wang, David"]
[Result "1/2-1/2"]
[WhiteElo "1671"]
[BlackElo "1476"]
[PlyCount "76"]
[EventDate "2010.05.29"]
[SourceDate "2010.05.29"]

1. e4 c5 2. Nf3 e6 3. d4 cxd4 4. Nxd4 Nc6 5. Be3 Qc7 6. Nd2 Nf6 7. f3 Bb4 8. c3
Be7 9. g4 d5 10. g5 Nd7 11. Bh3 Nde5 12. Qe2 Ng6 13. exd5 exd5 14. Bxc8 Rxc8
15. Nf5 O-O 16. O-O-O Rfe8 17. Qg2 Nf4 18. Nxe7+ Rxe7 19. Bxf4 Qxf4 20. Qg4
Qxg4 21. fxg4 d4 22. cxd4 Nxd4+ 23. Kb1 g6 24. h4 Re2 25. Rhe1 Rce8 26. Rxe2
Rxe2 27. h5 gxh5 28. gxh5 Ne6 29. h6 Kf8 30. Nf3 Re3 31. Nd4 Nxd4 32. Rxd4 Re5
33. Rd8+ Ke7 34. Rh8 Rxg5 35. Rxh7 Rh5 36. Kc2 Kf6 37. Kc3 Kg6 38. Rg7+ Kf6
1/2-1/2

[Event "2010 US Am West"]
[Site "?"]
[Date "2010.05.30"]
[Round "4.9"]
[White "Nguyen, Vincent"]
[Black "Ostapuk, Steve"]
[Result "1-0"]
[WhiteElo "1863"]
[BlackElo "1594"]
[PlyCount "76"]
[EventDate "2010.05.29"]
[SourceDate "2010.05.29"]

1. Nf3 d5 2. b3 Bf5 3. Bb2 e6 4. e3 Nf6 5. d4 Be7 6. Bd3 Bxd3 7. Qxd3 O-O 8.
O-O Nbd7 9. Nbd2 Re8 10. c4 c6 11. e4 dxe4 12. Nxe4 Ng4 13. d5 exd5 14. cxd5
cxd5 15. Qxd5 Ngf6 16. Nxf6+ Bxf6 17. Bxf6 Nxf6 18. Qxb7 Re7 19. Qb4 Rb8 20.
Qd2 Qb6 21. Rac1 h5 22. Rfe1 Rxe1+ 23. Rxe1 Rd8 24. Qe3 Qa5 25. a4 h4 26. h3
Re8 27. Qd2 Rxe1+ 28. Qxe1 Qd5 29. Qe3 Qd1+ 30. Kh2 Qd6+ 31. Qe5 Qb6 32. Qd4
Qc7+ 33. Qe5 Qb6 34. Nxh4 Qxb3 35. Qd4 Qb8+ 36. g3 a5 37. Nf5 Kh7 38. Qh4+ Kg6
1-0

[Event "2010 US Am West"]
[Site "?"]
[Date "2010.05.30"]
[Round "4.13"]
[White "Thompson, Buddy"]
[Black "Collins, Ed"]
[Result "1-0"]
[WhiteElo "1840"]
[BlackElo "1690"]
[PlyCount "77"]
[EventDate "2010.05.29"]
[SourceDate "2010.05.29"]

1. d4 Nf6 2. Nf3 g6 3. c4 Bg7 4. Nc3 O-O 5. e4 d6 6. Be2 Nbd7 7. O-O e5 8. Be3
Ng4 9. Bg5 f6 10. Bh4 Qe8 11. d5 a6 12. Ne1 Nh6 13. f3 f5 14. Nd3 f4 15. Rc1
Nf7 16. b4 g5 17. Bf2 h5 18. c5 Nf6 19. cxd6 cxd6 20. Na4 b5 21. Nb6 Rb8 22.
Nxc8 Rxc8 23. Qb3 Qd7 24. Nb2 Rc7 25. Rxc7 Qxc7 26. a4 Rb8 27. Nd3 Qc4 28. Qb1
bxa4 29. Rc1 Qb3 30. Qa1 Nxd5 31. exd5 e4 32. Bd4 Bxd4+ 33. Qxd4 exd3 34. Bxd3
Ne5 35. Qa7 Qxb4 36. Qh7+ Kf8 37. Qh8+ Ke7 38. Rc7+ Nd7 39. Qg7+ 1-0

[Event "2010 US Am West"]
[Site "?"]
[Date "2010.05.30"]
[Round "4.10"]
[White "Pennock, Steven"]
[Black "Douthat, John"]
[Result "1-0"]
[WhiteElo "1688"]
[BlackElo "1970"]
[Annotator "Farmer,Steve"]
[PlyCount "35"]
[EventDate "2010.05.29"]
[SourceDate "2010.05.29"]

1. e4 c5 2. Nf3 d6 3. d4 cxd4 4. Nxd4 Nf6 5. Nc3 Nc6 6. f3 e6 7. Be3 a6 8. Qd2
Be7 9. O-O-O Qc7 10. g4 Nd7 11. f4 b5 12. g5 Nb6 13. b3 Rg8 14. Bxb5 Bd7 15.
Bxc6 Bxc6 16. Nxc6 Qxc6 17. f5 Rd8 18. Ne2 {
Score inaccurate, White won in another 11 moves.} 1-0

[Event "2010 US Am West"]
[Site "?"]
[Date "2010.05.30"]
[Round "4.12"]
[White "LaFornara, Joe"]
[Black "Katzel, Dan"]
[Result "0-1"]
[WhiteElo "1842"]
[BlackElo "1762"]
[PlyCount "80"]
[EventDate "2010.05.29"]
[SourceDate "2010.05.29"]

1. d4 Nf6 2. Bg5 d5 3. Bxf6 exf6 4. e3 Bd6 5. c4 dxc4 6. Bxc4 O-O 7. Nc3 c6 8.
a4 Qe7 9. Nge2 Nd7 10. O-O f5 11. Bd3 Nf6 12. Qc2 g6 13. Ng3 Bd7 14. Rfe1 Rfe8
15. e4 Bxg3 16. fxg3 fxe4 17. Nxe4 Nxe4 18. Bxe4 Qb4 19. Qc3 Qxc3 20. bxc3 f5
21. Bd3 Kf7 22. Kf2 Rxe1 23. Rxe1 Re8 24. Rxe8 Kxe8 25. Bc2 Ke7 26. Bb3 b5 27.
Ke3 Be6 28. Bxe6 Kxe6 29. a5 Kd5 30. Kd3 g5 31. a6 c5 32. h3 cxd4 33. cxd4 b4
34. g4 f4 35. Kc2 Kxd4 36. Kb3 Kc5 37. Kb2 Kb5 38. Kb3 Kxa6 39. Kxb4 Kb6 40.
Ka4 Kc5 0-1

[Event "2010 US Am West"]
[Site "?"]
[Date "2010.05.30"]
[Round "4.17"]
[White "Boteo, Trujillo"]
[Black "DeSa, Jacquelyn"]
[Result "1-0"]
[WhiteElo "1765"]
[BlackElo "1580"]
[Annotator "Farmer,Steve"]
[PlyCount "41"]
[EventDate "2010.05.29"]
[SourceDate "2010.05.29"]

1. d4 Nf6 2. Bg5 d5 3. e3 g6 4. Bd3 Bg7 5. f4 O-O 6. Nf3 Bg4 7. h3 Bxf3 8. Qxf3
Nbd7 9. Nd2 c5 10. c3 e6 11. g4 Re8 12. h4 Qb6 13. Rb1 h5 14. Bxf6 Nxf6 15.
gxh5 Nxh5 16. Rg1 Kh7 17. Qxh5+ Kg8 18. Qg4 Kf8 19. h5 Ke7 20. hxg6 fxg6 21.
Bxg6 {Score incomplete, White went on to win at move 50.} 1-0

[Event "2010 US Am West"]
[Site "?"]
[Date "2010.05.30"]
[Round "4.28"]
[White "McManus, Timothy"]
[Black "Ward, Kristen"]
[Result "1/2-1/2"]
[WhiteElo "1375"]
[BlackElo "1440"]
[Annotator "Farmer,Steve"]
[PlyCount "110"]
[EventDate "2010.05.29"]
[SourceDate "2010.05.29"]

1. Nf3 Nf6 2. d4 g6 3. c4 Bg7 4. Nc3 d5 5. e3 Bf5 6. cxd5 Nxd5 7. Bd3 Bxd3 8.
Qxd3 c6 9. O-O O-O 10. a4 Nxc3 11. bxc3 e5 12. Ba3 Re8 13. Qc4 Nd7 14. Rab1 Nb6
15. Qb3 exd4 16. cxd4 Rb8 17. Bc5 Nc8 18. Rfc1 a6 19. Bb6 Qd7 20. a5 Nxb6 21.
Qxb6 Bf8 22. Ne5 Qd5 23. Qa7 Qxa5 24. Rxb7 Ra8 25. Qb6 Qxb6 26. Rxb6 c5 27. Nc6
cxd4 28. Nxd4 a5 29. g3 a4 30. Rb7 Bd6 31. Rc2 a3 32. Ra2 Reb8 33. Rb3 Rxb3 34.
Nxb3 Rb8 35. Nd4 Rb2 36. Ra1 Rb6 37. Kg2 Ra6 38. Nb5 Be7 39. Kf3 a2 40. Ke2 Ra5
41. Nc3 Bf6 42. Kd3 Ra3 43. Rxa2 Rxc3+ 44. Ke4 Kg7 45. h4 Rc5 46. f4 Rc1 47.
Rf2 Rg1 48. Kf3 Bc3 49. Rg2 Rxg2 50. Kxg2 h5 51. Kf3 Be1 52. e4 Kf6 53. Kg2 Ke6
54. Kh3 Bd2 55. Kg2 Kd6 {The game was agreed drawn here.} 1/2-1/2

[Event "2010 US Am West"]
[Site "?"]
[Date "2010.05.30"]
[Round "4.34"]
[White "Angeli, Peter"]
[Black "Caid, James"]
[Result "0-1"]
[WhiteElo "1399"]
[BlackElo "1552"]
[Annotator "Farmer,Steve"]
[PlyCount "35"]
[EventDate "2010.05.29"]
[SourceDate "2010.05.29"]

1. e4 c5 2. Nf3 Nc6 3. d4 cxd4 4. Nxd4 d6 5. Nc3 g6 6. Be3 Bg7 7. Qd2 e6 8.
O-O-O d5 9. Ndb5 a6 10. exd5 exd5 11. Qxd5 axb5 12. Qe4+ Qe7 13. Nxb5 Qxe4 14.
Nd6+ Ke7 15. Nxe4 Kf8 16. Bc5+ Nge7 17. Bb5 Be6 18. Nd6 {
The score is inaccurate at this point. Black went on to win.} 0-1

[Event "2010 US Am West"]
[Site "?"]
[Date "2010.05.30"]
[Round "4.38"]
[White "Todd, Bryce"]
[Black "Aradhyula, Sumhith"]
[Result "1/2-1/2"]
[WhiteElo "1370"]
[BlackElo "1459"]
[Annotator "Farmer,Steve"]
[PlyCount "70"]
[EventDate "2010.05.29"]
[SourceDate "2010.05.29"]

1. e4 c5 2. Nf3 e6 3. d4 cxd4 4. Nxd4 Nf6 5. Nc3 Bb4 6. Bg5 h6 7. Bxf6 Qxf6 8.
a3 Bc5 9. Nf3 Nc6 10. Be2 O-O 11. O-O b6 12. Qd3 Qd8 13. Rad1 Qc7 14. Rd2 Rd8
15. Nb5 Qb7 16. Nd6 Bxd6 17. Qxd6 Qb8 18. Rfd1 Na5 19. e5 Qxd6 20. Rxd6 Nb7 21.
R6d2 a6 22. Ne1 Ra7 23. f4 Kf8 24. Bf3 Ke7 25. c3 Na5 26. b4 Nc4 27. Ra2 Bb7
28. Be2 Bd5 29. Bxc4 Bxc4 30. Rad2 b5 31. Rd6 Rc8 32. Nc2 Bb3 33. R1d2 Bxc2 34.
Rxc2 Rc6 35. Rd3 a5 {Score inaccurate. A draw was agreed at move 55.} 1/2-1/2

[Event "2010 US Am West"]
[Site "?"]
[Date "2010.05.30"]
[Round "4.32"]
[White "Ward, Mett"]
[Black "Shevelev, Daniel"]
[Result "1/2-1/2"]
[WhiteElo "1461"]
[BlackElo "1292"]
[PlyCount "65"]
[EventDate "2010.05.29"]
[SourceDate "2010.05.29"]

1. e4 Nf6 2. e5 Nd5 3. d4 d6 4. Nf3 Bg4 5. h3 Bh5 6. g4 Bg6 7. Bg2 Nc6 8. Qe2
Nb6 9. Bg5 h6 10. Bh4 Qd7 11. Nc3 d5 12. O-O e6 13. Nd1 Be7 14. Bxe7 Qxe7 15.
Ne3 O-O 16. Rac1 Nb4 17. a3 Nc6 18. Rfd1 Rad8 19. c4 dxc4 20. Nxc4 Nxc4 21.
Qxc4 Be4 22. Qb5 Bxf3 23. Bxf3 Nxd4 24. Qxb7 Rb8 25. Qe4 Nxf3+ 26. Qxf3 Rxb2
27. Qc3 Rb7 28. Qc6 Rfb8 29. Rd7 Qxa3 30. Rc3 Qa5 31. Rf3 Qb6 32. Rfxf7 Qxc6
33. Rxg7+ 1/2-1/2

[Event "2010 US Am West"]
[Site "?"]
[Date "2010.05.30"]
[Round "4.30"]
[White "Broyles, James"]
[Black "Mayer-Kleist, Carol"]
[Result "1-0"]
[WhiteElo "1500"]
[BlackElo "1357"]
[Annotator "Farmer,Steve"]
[PlyCount "87"]
[EventDate "2010.05.29"]
[SourceDate "2010.05.29"]

1. Nf3 Nf6 2. g3 d5 3. Bg2 g6 4. O-O Bg7 5. d4 e6 6. Bf4 O-O 7. Nc3 c6 8. Rb1
Nbd7 9. Qd3 c5 10. e3 cxd4 11. exd4 a6 12. Rfe1 Nb6 13. b3 Re8 14. a4 Nh5 15.
Bg5 Nf6 16. Qd2 Bd7 17. Ne5 Qc7 18. a5 Nc8 19. b4 Nd6 20. Nxd7 Qxd7 21. f3 Rac8
22. Qd3 Qc6 23. Rb3 Qc4 24. Re2 Qxd3 25. cxd3 Nf5 26. Ra2 Nxd4 27. Rba3 Rxc3 $2
28. Rxc3 Nd7 29. Rc7 Ne5 30. Be3 Nexf3+ 31. Bxf3 Nxf3+ 32. Kf2 Nxh2 33. Rxb7
Ng4+ 34. Ke2 Be5 35. Bf4 Bc3 36. b5 axb5 37. a6 Ra8 38. a7 Ne5 39. Rb8+ Kg7 40.
Rxa8 Nc6 41. Rc8 Nxa7 42. Rxc3 d4 43. Rc7 e5 44. Bxe5+ 1-0

[Event "2010 US Am West"]
[Site "?"]
[Date "2010.05.30"]
[Round "4.26"]
[White "Semmens, Jeff"]
[Black "Kuhnel, Martin"]
[Result "1-0"]
[WhiteElo "1590"]
[BlackElo "1381"]
[PlyCount "61"]
[EventDate "2010.05.29"]
[SourceDate "2010.05.29"]

1. d4 Nf6 2. c4 e6 3. Nc3 Bb4 4. Nf3 O-O 5. Bf4 d6 6. e3 b6 7. Bd3 Bb7 8. O-O
Bxc3 9. bxc3 Nbd7 10. Re1 Re8 11. e4 e5 12. Bg5 a5 13. d5 c6 14. Nh4 h6 15. Bd2
Nc5 16. Qf3 cxd5 17. cxd5 Nxd5 18. Qg3 Ne7 19. Bxh6 g6 20. Nf5 Nxd3 21. Nxe7+
Qxe7 22. Qxd3 Red8 23. Qg3 Qe6 24. Re3 Rac8 25. Bg5 Rd7 26. Qh4 f5 27. exf5
Qxf5 28. Rh3 Kf7 29. Qa4 Bc6 30. Qb3+ d5 31. Rf3 1-0

[Event "2010 US Am West"]
[Site "?"]
[Date "2010.05.30"]
[Round "4.40"]
[White "Smith, Jeff"]
[Black "Mathews, Nikola"]
[Result "0-1"]
[WhiteElo "1226"]
[BlackElo "1486"]
[PlyCount "60"]
[EventDate "2010.05.29"]
[SourceDate "2010.05.29"]

1. e4 c5 2. Nf3 d6 3. d4 cxd4 4. Nxd4 Nf6 5. Nc3 g6 6. Be3 Nc6 7. f3 Bg7 8. Bc4
Bd7 9. Qd2 O-O 10. O-O-O Rc8 11. g4 Ne5 12. Bb3 Nc4 13. Bxc4 Rxc4 14. h4 h5 15.
gxh5 Nxh5 16. f4 Qa5 17. Kb1 Rfc8 18. f5 gxf5 19. exf5 Bxf5 20. Rhg1 Bg6 21.
Rg5 Qa6 22. Nf5 Bxc3 23. bxc3 Kf8 24. Nxd6 exd6 25. Qxd6+ Qxd6 26. Rxd6 Rxc3
27. Bd4 Rxc2 28. Ka1 Re2 29. Rg1 Rcc2 30. Rf1 Rxa2# 0-1

[Event "2010 US Am West"]
[Site "?"]
[Date "2010.05.30"]
[Round "4.46"]
[White "Vogel, Rick"]
[Black "Murphy, John"]
[Result "1-0"]
[WhiteElo "1342"]
[BlackElo "1072"]
[PlyCount "53"]
[EventDate "2010.05.29"]
[SourceDate "2010.05.29"]

1. e4 c5 2. Nf3 Nc6 3. Bb5 d6 4. d4 cxd4 5. Nxd4 Bd7 6. Qd3 Nxd4 7. Bxd7+ Qxd7
8. Qxd4 e5 9. Qd3 Nf6 10. O-O d5 11. Nc3 d4 12. Ne2 Bd6 13. f4 O-O 14. fxe5
Bxe5 15. Bf4 Qd6 16. Bxe5 Qxe5 17. Rf4 g5 18. Rf5 Qd6 19. e5 Qb4 20. Rxg5+ Kh8
21. exf6 Rg8 22. Rh5 Rg6 23. Nf4 Rc8 24. Nxg6+ fxg6 25. Rh4 Rd8 26. Qxg6 Rd7
27. Qe8+ 1-0

[Event "2010 US Am West"]
[Site "?"]
[Date "2010.05.30"]
[Round "4.31"]
[White "Marstein, Daniel"]
[Black "Lei, Henry"]
[Result "1-0"]
[WhiteElo "1356"]
[BlackElo "1482"]
[PlyCount "57"]
[EventDate "2010.05.29"]
[SourceDate "2010.05.29"]

1. c4 e5 2. Nc3 Nf6 3. Nf3 e4 4. Ng5 d5 5. cxd5 Bf5 6. Qc2 Nxd5 7. Nxd5 Qxd5 8.
Qxc7 Bd6 9. Qc3 O-O 10. g3 e3 11. f3 exd2+ 12. Bxd2 h6 13. Nh3 Qe6 14. g4 Bh7
15. Bf4 Be7 16. Rg1 Nc6 17. a3 Rad8 18. g5 h5 19. Bd2 Nd4 20. Rc1 Nb3 21. Nf4
Qb6 22. Nxh5 Qd4 23. Qxd4 Nxd4 24. Nf6+ Bxf6 25. gxf6 Nc2+ 26. Rxc2 Bxc2 27.
fxg7 Rfe8 28. e4 f5 29. Bc4+ 1-0

[Event "2010 US Am West"]
[Site "?"]
[Date "2010.05.30"]
[Round "4.27"]
[White "Tan, Rex"]
[Black "Green, Jr., James"]
[Result "1-0"]
[WhiteElo "1391"]
[BlackElo "1475"]
[PlyCount "23"]
[EventDate "2010.05.29"]
[SourceDate "2010.05.29"]

1. e4 e5 2. f4 exf4 3. Nf3 Nc6 4. Bc4 Be7 5. O-O d6 6. d4 Nf6 7. Nc3 O-O 8.
Bxf4 h6 9. Qd2 Bg4 10. Bxh6 gxh6 11. Qxh6 Bxf3 12. Rxf3 1-0

[Event "2010 US Am West"]
[Site "?"]
[Date "2010.05.31"]
[Round "5.5"]
[White "Eng, Randel"]
[Black "Lebovitz, Laurence"]
[Result "1-0"]
[WhiteElo "2089"]
[BlackElo "1656"]
[PlyCount "95"]
[EventDate "2010.05.29"]
[SourceDate "2010.05.29"]

1. e4 c6 2. d4 d5 3. Nc3 dxe4 4. Nxe4 Bf5 5. Ng3 Bg6 6. h4 h5 7. Nf3 Nd7 8. Bd3
Bxd3 9. Qxd3 e6 10. Bf4 Qb6 11. O-O-O Ngf6 12. Ne5 Be7 13. Nc4 Qd8 14. Nd6+
Bxd6 15. Bxd6 Qa5 16. Qb3 b6 17. c4 Rc8 18. Rhe1 g6 19. Kb1 Kd8 20. f3 Re8 21.
Qe3 Ng8 22. Rd3 Qa6 23. c5 Ndf6 24. Ra3 Qb7 25. Qg5 Kd7 26. Ne4 Nd5 27. Qg3 b5
28. Be5 b4 29. Nd6 Qa8 30. Rb3 a5 31. Nxc8 Qxc8 32. a4 Qa6 33. Qf2 Nge7 34. g4
Rg8 35. Qe2 Qc8 36. Bd6 Rh8 37. Rh1 Qa8 38. Bxe7 Kxe7 39. Qe5 Qd8 40. Rd3 Rh7
41. Rdd1 Qc8 42. g5 Qb7 43. Rhe1 Nc3+ 44. Ka1 Nxa4 45. Qd6+ Ke8 46. d5 Qd7 47.
Qxd7+ Kxd7 48. dxe6+ 1-0

[Event "2010 US Am West"]
[Site "?"]
[Date "2010.05.31"]
[Round "5.1"]
[White "Hu, Bryan"]
[Black "Kruml, Joseph"]
[Result "1-0"]
[WhiteElo "2180"]
[BlackElo "2170"]
[PlyCount "69"]
[EventDate "2010.05.29"]
[SourceDate "2010.05.29"]

1. d4 Nf6 2. c4 c5 3. d5 e5 4. Nc3 d6 5. e4 Be7 6. Bd3 Nbd7 7. Nge2 a6 8. O-O
O-O 9. g3 Ne8 10. Kh1 Rb8 11. a4 b6 12. f4 exf4 13. gxf4 g6 14. Ng3 Ng7 15. Bd2
Re8 16. Qf3 Bf8 17. Rae1 Rb7 18. Qf2 Nf6 19. e5 Ng4 20. Qe2 Qh4 21. Nce4 dxe5
22. fxe5 Rxe5 23. Qg2 h6 24. Bc3 Re8 25. Rf4 f5 26. Nf6+ Qxf6 27. Rxe8 Qd6 28.
Rxg4 Nxe8 29. Nxf5 Bxf5 30. Bxf5 Ng7 31. Rxg6 Qf4 32. Be6+ Kh7 33. Rf6 Nxe6 34.
Qg6+ Kh8 35. Rxf8# 1-0

[Event "2010 US Am West"]
[Site "?"]
[Date "2010.05.31"]
[Round "5.20"]
[White "Shevelev, Michael"]
[Black "Gengler, Kenneth"]
[Result "1-0"]
[WhiteElo "1687"]
[BlackElo "1325"]
[Annotator "Farmer,Steve"]
[PlyCount "26"]
[EventDate "2010.05.29"]
[SourceDate "2010.05.29"]

1. e4 c5 2. c3 d5 3. exd5 Qxd5 4. d4 Nc6 5. Nf3 Bg4 6. Be2 Nf6 7. Na3 e6 8. Nc2
Qd7 9. h3 Bxf3 10. Bxf3 Be7 11. O-O O-O 12. Be3 cxd4 13. Nxd4 Nxd4 {
The scoresheet is illegible at this point. White went on to win around move 53.
} 1-0

[Event "2010 US Am West"]
[Site "?"]
[Date "2010.05.31"]
[Round "5.18"]
[White "Collins, Ed"]
[Black "Bommireddy, Sreekar"]
[Result "1-0"]
[WhiteElo "1690"]
[BlackElo "1481"]
[Annotator "Farmer,Steve"]
[PlyCount "97"]
[EventDate "2010.05.29"]
[SourceDate "2010.05.29"]

1. d4 d5 2. Nf3 Nf6 3. e3 g6 4. c3 Bg7 5. Bd3 O-O 6. O-O b6 7. Qe2 a5 8. Nbd2
Ba6 9. Ne5 Bxd3 10. Qxd3 Nfd7 11. f4 Nxe5 12. fxe5 Qd7 13. e4 c5 14. Nf3 c4 15.
Qe2 e6 16. h3 a4 17. Nh2 Qc6 18. exd5 exd5 19. Ng4 Nd7 20. Bh6 f5 21. Bxg7 Kxg7
22. Ne3 Rae8 23. Qf3 Nxe5 24. dxe5 Rxe5 25. Rad1 Rd8 26. Rd4 Qe6 27. Nxc4 Re4
28. Nd2 Re2 29. c4 Re5 30. Nb1 b5 31. cxb5 Qb6 32. Qf2 Qxb5 33. Nc3 Qb7 34.
Nxa4 Rde8 35. Nc3 Rb8 36. b3 Rc8 37. Qd2 Qb6 38. Kh1 Qc7 39. Nxd5 Qc6 40. Ne3
Rce8 41. Rc1 Qa8 42. Rd7+ Kg8 43. Rcc7 Rxe3 44. Rg7+ Kh8 45. Rxh7+ Kg8 46.
Rcg7+ Kf8 47. Qd6+ R3e7 48. Qf6+ Rf7 49. Qxf7# {
Well, that's an entertaining mate!} 1-0